Letters from U.S. Army nurses, 1942-1946.

Bibliographic Details
Main Author: Hites, Betty E.
Format: eBook
Language:English
Published: Alexandria, VA : Alexander Street Press, 2004.
Edition:[1st electronic ed.].
Series:North American women's letters and diaries.
Subjects:
Online Access:Connect to the full text of this electronic book

MARC

Tag First Indicator Second Indicator Subfields
LEADER 00000cam a22000003i 4500
001 in00002511713
005 20190327173850.0
006 m | d |
007 cr |n|---||||a
008 061024s2004 vau |s ||||||| ||eng|d
035 |a (VaAlASP)ASPS00007429/nwld 
040 |a VaAlASP  |d UtOrBLW 
100 1 |a Hites, Betty E. 
245 1 0 |a Letters from U.S. Army nurses, 1942-1946. 
250 |a [1st electronic ed.]. 
264 1 |a Alexandria, VA :  |b Alexander Street Press,  |c 2004. 
336 |a text  |b txt  |2 rdacontent 
337 |a computer  |b c  |2 rdamedia 
338 |a online resource  |b cr  |2 rdacarrier 
490 1 |a North American women's letters and diaries 
500 |a Title from HTML title page (viewed November 25, 2006). 
506 |a Access restricted to subscribers. 
538 |a Mode of access: World Wide Web. 
500 |a Electronic resource. 
650 0 |a Letter writing. 
655 0 |a Electronic books. 
650 0 |a Letters. 
830 0 |a North American women's letters and diaries. 
856 4 0 |u http://proxy.library.tamu.edu/login?url=http://www.aspresolver.com/aspresolver.asp?NWLD;S7429  |z Connect to the full text of this electronic book  |t 0 
999 |a MARS 
999 f f |s d5019bde-68c2-31a0-8964-83417342d8a4  |i 2311d0c3-afa0-3f52-8d3b-be704e61d8f2  |t 0 
952 f f |a Texas A&M University  |b College Station  |c Electronic Resources  |d Available Online  |t 0  |h No information provided 
998 f f |t 0  |l Available Online